Leader xxxxxxxxxx
001 __ PCLIS00039402
005 __ 20220705133509.0
010 0_ |b一套:盒裝|d新臺幣9600元
100 __ |a20081003d2003 m y0chiy09 e
101 0_ |achi
102 __ |atw
115 __ |aa560baisaba buzc
200 1_ |a中國文學之美系列|f蔣勳著
205 __ |a家用版
210 __ |a高雄市|c耕心藝術欣賞工作室|d2003[民92]
215 0_ |a67片CD|c有聲,彩色|d3 3/4吋
300 __ |a由t038編目,不可盡信--t561註(2022/7/4)
300 __ |a附中國文學之美系列講座講義1冊(2016659)--t561
320 __ |a輔導級
327 _1 |v1,|a詩|v2,|a初民的歌聲|v3,|a楚辭|v4,|a南方的激情|v5-1,|a田陌間的民歌|v5-2,|a田陌間的民歌|v6-1,|a漢樂府|v6-2,|a漢樂府|v7,|a古詩十九首|v8,|a文人的憂思|v9,|a三曹父子|v10-1,|a霸權與愛情|v10-2,|a霸權與愛情|v10-3,|a霸權與愛情|v11,|a陶淵明|v12,|a桃花源的塑造者|v13,|a初唐盛事|v14-1,|a春江花月夜|v14-2,|a春江花月夜|v15,|a王維|v16,|a山水詩|v17,|a李白|v18-1,|a浪漫的貴遊文學|v18-2,|a浪漫的貴遊文學|v19,|a杜甫|v20,|a社會的關懷v21,|a李商隱|v22-1,|a晚唐的靡麗|v23,|a李煜|v24,|a五代詞的變革|v25-1,|a唐宋散文|e韓愈|v25-2,|a唐宋散文|e韓愈|v26,|a唐宋散文|e柳宗元|v27,|a白居易|v28,|a寫實詩與敘事詩|v29-1,|a馮延巳|v29-2,|a馮延巳、宋祈|v30-1,|a范仲淹、晏殊|v30-2,|a晏幾道、歐陽修|v31,|a蘇軾|v32,|a柳永|v33,|a南宋詞的美學|v334-1,|a周邦彥、秦觀|v34-2, |